[Event "Amber 2007 Rapid"]
[Site "Monte Carlo MNC"]
[Date "2007.03.24"]
[Round "7"]
[White "Kramnik, V."]
[Black "Leko, P."]
[Result "1-0"]
[WhiteElo "2766"]
[BlackElo "2749"]
[PlyCount "131"]
[EventDate "2007.03.17"]
[Source "www.chesslib.no"]
[SourceDate "2004.05.04"]

1. Nf3 c5 2. c4 Nc6 3. Nc3 e5 4. g3 g6 5. Bg2 Bg7 6. O-O d6 7. a3 a5 8. Ne1 Be6 9. d3 Nge7 10. Nc2 d5 11. cxd5 Nxd5 12. Bd2 O-O 13. Rb1 f5 14. Ne3 Nb6 15. b3 Rb8 16. Nc4 Nd7 17. Nb5 Ra8 18. e3 Nb6 19. Ncd6 Qb8 20. Qc2 Nd7 21. b4 axb4 22. axb4 Ra2 23. Qc1 cxb4 24. Bxb4 Nxb4 25. Rxb4 Ra6 26. Nc7 Rxd6 27. Rxb7 Qd8 28. Nxe6 Rxe6 29. Bd5 Rfe8 30. Bxe6+ Rxe6 31. Qc4 Nf8 32. Ra1 Qd6 33. Rba7 Qc6 34. Qb3 Qb6 35. Qd5 Qc6 36. Qb3 Qb6 37. Qc4 Qc6 38. R1a6 Qxc4 39. dxc4 Bf6 40. c5 Rxa6 41. Rxa6 Bd8 42. Ra8 Bc7 43. Rc8 Ba5 44. c6 Kf7 45. c7 Bxc7 46. Rxc7+ Kf6 47. f4 exf4 48. exf4 h6 49. Rc6+ Ne6 50. h4 Kf7 51. Kf2 Ng7 52. Rc7+ Kf6 53. Kf3 Ne6 54. Rh7 Nf8 55. Ra7 Ne6 56. Ke3 g5 57. h5 gxf4+ 58. gxf4 Ng7 59. Ra6+ Ne6 60. Ra8 Kg7 61. Ra7+ Kg8 62. Re7 Ng7 63. Kd4 Nxh5 64. Ke5 Ng3 65. Kf6 Kf8 66. Rh7 1-0

[Event "Camp. francese a squadre - Top 16 GpB"]
[Site "Chalons en Champagne FRA"]
[Date "2007.02.11"]
[Round "3"]
[White "Mamedyarov, S."]
[Black "Nisipeanu, LD."]
[Result "1/2-1/2"]
[WhiteElo "2754"]
[BlackElo "2689"]
[PlyCount "109"]
[EventDate "2007.02.09"]
[Source "www.chesslib.no"]
[SourceDate "2004.05.04"]

1. c4 c5 2. Nc3 g6 3. g3 Bg7 4. Bg2 Nc6 5. Nf3 e5 6. O-O d6 7. a3 a5 8. d3 Nge7 9. Bd2 O-O 10. Rb1 Rb8 11. Qa4 Bd7 12. Nb5 d5 13. Qc2 b6 14. b4 axb4 15. axb4 dxc4 16. Qxc4 Nd4 17. Nbxd4 cxd4 18. Rfc1 Be6 19. Qb5 f6 20. Rc2 Qe8 21. Qa6 Qd7 22. Rbc1 Nd5 23. Qa3 Ra8 24. Qb2 Rfc8 25. Ne1 Rxc2 26. Qxc2 Bf8 27. f4 exf4 28. gxf4 Re8 29. Qc6 Qxc6 30. Rxc6 Bf7 31. Bf3 Nxb4 32. Rxb6 Nd5 33. Bxd5 Bxd5 34. Kf2 Kf7 35. Bb4 Bh6 36. Rd6 Rb8 37. Rd7+ Ke6 38. Rd6+ Kf7 39. Bc5 Be6 40. Rxd4 Rb5 41. Bd6 Rh5 42. Kg2 Rd5 43. Nf3 f5 44. Kg3 Rxd4 45. Nxd4 Bg7 46. Be5 Bf8 47. e4 fxe4 48. dxe4 Bc5 49. Nf3 Be7 50. h4 Bc8 51. Bc3 Bb7 52. Nd2 h5 53. Ba5 Bc6 54. Bb6 Ke6 55. Ba5 1/2-1/2

[Event "17. Amber Rapid"]
[Site "Niza FRA"]
[Date "2008.03.18"]
[Round "4.1"]
[White "Van Wely, Loek"]
[Black "Gelfand, Boris"]
[Result "1/2-1/2"]
[WhiteElo "2681"]
[BlackElo "2737"]
[PlyCount "28"]
[EventDate "2008.03.15"]
[Source "www.chesslib.no"]
[SourceDate "2004.05.04"]

1. Nf3 c5 2. c4 Nc6 3. g3 g6 4. Bg2 Bg7 5. Nc3 e6 6. a3 Nge7 7. b4 b6 8. Rb1 O-O 9. O-O d5 10. bxc5 bxc5 11. Qa4 Bd7 12. Qa6 Bc8 13. Qa4 Bd7 14. Qa6 Qa5 1/2-1/2

[Event "Gran Canaria jr"]
[Site "?"]
[Date "1991.??.??"]
[Round "?"]
[White "Lopez, Rob"]
[Black "Aleman, Eladio"]
[Result "1/2-1/2"]
[WhiteElo "2735"]
[BlackElo "2660"]
[PlyCount "59"]
[EventDate "1991.??.??"]
[Source "www.chesslib.no"]
[SourceDate "2004.05.04"]

1. c4 c5 2. Nc3 Nc6 3. g3 g6 4. Bg2 Bg7 5. Nf3 d6 6. O-O e5 7. Rb1 Nge7 8. a3 a5 9. d3 O-O 10. Nd2 f5 11. Nd5 Be6 12. b4 axb4 13. axb4 Bxd5 14. cxd5 Nxb4 15. Qb3 b5 16. Ba3 Ra4 17. Bxb4 Rxb4 18. Qc2 Rxb1 19. Rxb1 Qa5 20. Nb3 Qb6 21. Nd2 Bh6 22. Qb2 Qa5 23. Nb3 Qb6 24. Nd2 Rb8 25. e3 Bg7 26. Nc4 Qc7 27. Qb3 Nc8 28. e4 Na7 29. exf5 Rf8 30. Na3 1/2-1/2

[Event "Rapid"]
[Site "Beer Sheva ISR"]
[Date "2007.10.20"]
[Round "3"]
[White "Roiz, M."]
[Black "Avrukh, B."]
[Result "1/2-1/2"]
[WhiteElo "2644"]
[BlackElo "2641"]
[PlyCount "49"]
[EventDate "2007.10.20"]
[Source "www.chesslib.no"]
[SourceDate "2004.05.04"]

1. Nf3 c5 2. c4 Nc6 3. Nc3 e5 4. g3 g6 5. Bg2 Bg7 6. d3 d6 7. Nd2 Nge7 8. Nf1 O-O 9. Ne3 f5 10. Ned5 h6 11. Rb1 Rb8 12. Bd2 Nxd5 13. Nxd5 f4 14. e3 fxe3 15. Bxe3 Qa5+ 16. Nc3 Bf5 17. O-O Kh7 18. a3 Nd4 19. Ne4 Qd8 20. b4 b6 21. Nc3 Qd7 22. Bxd4 cxd4 23. Ne4 Bg4 24. Qc2 Rbc8 25. Qa2 1/2-1/2

[Event "19 ECC 2003 Men"]
[Site "?"]
[Date "2003.10.03"]
[Round "6.34"]
[White "Markowski Tomasz"]
[Black "Kasimdzhanov Rustam"]
[Result "1/2-1/2"]
[WhiteElo "2610"]
[BlackElo "2664"]
[PlyCount "49"]
[EventDate "2003.??.??"]
[Source "www.chesslib.no"]
[SourceDate "2004.05.04"]

1. g3 g6 2. Bg2 Bg7 3. c4 c5 4. Nc3 Nc6 5. Nf3 e5 6. O-O Nge7 7. a3 a5 8. d3 O-O 9. Rb1 d6 10. Bd2 Rb8 11. Qa4 Bd7 12. Nb5 Nf5 13. Qd1 Ncd4 14. Nc3 Nxf3+ 15. Bxf3 Nd4 16. Bg2 b5 17. e3 b4 18. axb4 cxb4 19. exd4 bxc3 20. Bxc3 exd4 21. Bd2 a4 22. b4 axb3 23. Rxb3 Qc7 24. Rxb8 Qxc4 25. Re1 1/2-1/2

[Event "6. EICC playoff"]
[Site "?"]
[Date "2005.07.02"]
[Round "1.1"]
[White "Beliavsky Alexander G"]
[Black "Eljanov Pavel"]
[Result "1/2-1/2"]
[WhiteElo "2630"]
[BlackElo "2641"]
[PlyCount "116"]
[EventDate "2005.??.??"]
[Source "www.chesslib.no"]
[SourceDate "2004.05.04"]

1. c4 c5 2. g3 Nc6 3. Bg2 g6 4. Nf3 Bg7 5. O-O d6 6. Nc3 e5 7. d3 Nge7 8. Ne1 Be6 9. Nd5 O-O 10. Nc2 Rb8 11. a4 a5 12. Bg5 f6 13. Bd2 h6 14. Nce3 f5 15. Nxe7+ Nxe7 16. Qb3 b6 17. Nd5 Nxd5 18. Bxd5 Bxd5 19. cxd5 f4 20. Kg2 Qd7 21. Qc4 h5 22. Qe4 Qf5 23. f3 Qxe4 24. fxe4 fxg3 25. hxg3 Bf6 26. Rf3 Kg7 27. Raf1 Be7 28. Kh3 g5 29. g4 Rxf3+ 30. Rxf3 h4 31. Rf5 Kg6 32. Kg2 b5 33. axb5 Rxb5 34. Bc3 a4 35. Rf1 a3 36. bxa3 Rb3 37. Rc1 Rxa3 38. Rc2 Kf7 39. Bd2 Ke8 40. Rb2 c4 41. Rb8+ Kd7 42. Rb7+ Kd8 43. dxc4 Rg3+ 44. Kf2 Rxg4 45. Kf3 Rg3+ 46. Kf2 Ra3 47. c5 dxc5 48. d6 Bxd6 49. Bxg5+ Kc8 50. Rh7 h3 51. Be3 c4 52. Rxh3 Kd7 53. Rf3 Kc6 54. Rf6 c3 55. Bh6 Ra1 56. Bf8 Rd1 57. Bxd6 Rxd6 58. Rf3 Kd7 1/2-1/2

[Event "6. EICC playoff"]
[Site "?"]
[Date "2005.07.02"]
[Round "1.3"]
[White "Beliavsky Alexander G"]
[Black "Eljanov Pavel"]
[Result "0-1"]
[WhiteElo "2630"]
[BlackElo "2641"]
[PlyCount "112"]
[EventDate "2005.??.??"]
[Source "www.chesslib.no"]
[SourceDate "2004.05.04"]

1. c4 c5 2. g3 Nc6 3. Bg2 g6 4. Nc3 Bg7 5. Nf3 e5 6. d3 d6 7. Bg5 f6 8. Bd2 Nge7 9. O-O Be6 10. Ne1 O-O 11. Nc2 d5 12. cxd5 Nxd5 13. Ne3 Nde7 14. Rc1 Rc8 15. Qa4 b6 16. Rfd1 Qd7 17. Be1 Rfd8 18. Nc4 Nd4 19. Qxd7 Rxd7 20. a4 f5 21. Kf1 Nec6 22. Nb5 Nxb5 23. Bxc6 Rxc6 24. axb5 Rc8 25. Bc3 e4 26. Bxg7 Kxg7 27. Ne5 Rd5 28. f4 exf3 29. Nxf3 Bd7 30. Nd2 Bxb5 31. Nc4 Rcd8 32. Rc3 Bxc4 33. Rxc4 Rd4 34. b3 Kf6 35. Ke1 Ke6 36. Kd2 R8d6 37. Ra1 a5 38. Rf1 Kd7 39. Ra1 Kc6 40. Rac1 h5 41. h4 Kb5 42. Kc3 Kc6 43. Kd2 Rd8 44. Ra1 Rxc4 45. bxc4 Ra8 46. Ra4 b5 47. cxb5+ Kxb5 48. Ra1 a4 49. Kc3 Kc6 50. Kb2 Kd5 51. Rc1 Re8 52. Rc2 Re3 53. Ka3 Rxg3 54. Kxa4 Rg4+ 55. Kb5 Rb4+ 56. Ka5 Rxh4 0-1

[Event "Open 2007"]
[Site "Miami USA"]
[Date "2007.09.28"]
[Round "4"]
[White "Izoria, Zviad"]
[Black "Bachman, Axel"]
[Result "0-1"]
[WhiteElo "2719"]
[BlackElo "2550"]
[PlyCount "104"]
[EventDate "2007.09.26"]
[Source "www.chesslib.no"]
[SourceDate "2004.05.04"]

1. c4 e5 2. g3 c5 3. Bg2 Nc6 4. Nc3 g6 5. a3 a5 6. d3 Bg7 7. Nf3 d6 8. O-O Nge7 9. Rb1 O-O 10. Bd2 Rb8 11. Ne1 Be6 12. Nc2 d5 13. b3 b6 14. e4 dxe4 15. dxe4 Nd4 16. Ne3 f5 17. exf5 gxf5 18. Ned5 Nxd5 19. Nxd5 e4 20. Bf4 Rb7 21. Ne3 Rd7 22. Qe1 Bf7 23. b4 axb4 24. axb4 Bh5 25. bxc5 Ne2+ 26. Kh1 Bc3 27. Qd1 Nxg3+ 28. hxg3 Bxd1 29. Nxd1 Bd4 30. cxb6 Bxb6 31. Ne3 Bc7 32. Bxc7 Qxc7 33. Bh3 Rdf7 34. Kg1 Kh8 35. Rbe1 Qc5 36. Nxf5 Rxf5 37. Bxf5 Qxf5 38. Re3 Rf6 39. Ra3 Qc5 40. Re3 Rf3 41. Rfe1 Rxe3 42. Rxe3 Qxc4 43. Kg2 Qd4 44. Kh3 Kg7 45. Kg2 Kf6 46. Ra3 Qb2 47. Re3 Kf5 48. Kf1 Qc1+ 49. Re1 Qd2 50. Ra1 Kg4 51. Kg2 e3 52. Ra4+ Kg5 0-1

[Event "LXVI Campionato georgiano"]
[Site "Tbilisi GEO"]
[Date "2007.03.25"]
[Round "11"]
[White "Gagunashvili, M."]
[Black "Jobava, Ba"]
[Result "0-1"]
[WhiteElo "2611"]
[BlackElo "2650"]
[PlyCount "66"]
[EventDate "2007.03.14"]
[Source "www.chesslib.no"]
[SourceDate "2004.05.04"]

1. Nf3 c5 2. c4 Nc6 3. Nc3 e5 4. g3 g6 5. Bg2 Bg7 6. O-O Nge7 7. Ne1 O-O 8. Nc2 a6 9. a4 d6 10. Ne3 Rb8 11. Ned5 Nxd5 12. Bxd5 Bh3 13. Bg2 Bxg2 14. Kxg2 e4 15. Nxe4 d5 16. cxd5 Qxd5 17. f3 c4 18. d3 Rbd8 19. Ra3 b5 20. axb5 axb5 21. Nd2 Ne5 22. Qc2 cxd3 23. exd3 Nxd3 24. Ne4 b4 25. Rb3 f5 26. Nf2 Nxf2 27. Kxf2 Rfe8 28. Be3 Rc8 29. Qd1 Qc4 30. Qd3 Qxd3 31. Rxd3 Rc2+ 32. Rd2 Rxd2+ 33. Bxd2 Bd4+ 0-1

[Event "Moscow RUS"]
[Site "?"]
[Date "2005.02.20"]
[Round "6"]
[White "Riazantsev Alexander"]
[Black "Mamedyarov Shakhriyar"]
[Result "1-0"]
[WhiteElo "2596"]
[BlackElo "2657"]
[PlyCount "121"]
[EventDate "2005.??.??"]
[Source "www.chesslib.no"]
[SourceDate "2004.05.04"]

1. Nf3 c5 2. c4 Nc6 3. Nc3 g6 4. g3 Bg7 5. Bg2 e6 6. O-O Nge7 7. d3 O-O 8. Bd2 d6 9. a3 a6 10. Rb1 Rb8 11. b4 cxb4 12. axb4 b5 13. cxb5 axb5 14. Ne1 Bd7 15. Nc2 Rb6 16. Ne4 Qc7 17. e3 f5 18. Nc3 Rc8 19. d4 e5 20. Na3 Qb8 21. Qb3+ Kh8 22. Ne2 exd4 23. exd4 Ng8 24. Nc2 Nf6 25. Nc3 Ne7 26. Rfe1 Neg8 27. Ne3 Bc6 28. d5 Bd7 29. Ne2 Ra6 30. Bc3 Qa8 31. Bb2 Ra2 32. Ra1 Rxb2 33. Qxb2 Qb8 34. Qa3 Ne4 35. Rac1 Re8 36. Nf4 Ngf6 37. Ne6 Bxe6 38. dxe6 Rxe6 39. Qa6 Re8 40. Qc6 Bh6 41. Bxe4 Nxe4 42. Qc7 Qa8 43. Ra1 Qc8 44. Ra7 Qxc7 45. Rxc7 Ng5 46. Ra1 Nh3+ 47. Kg2 Nxf2 48. Nxf5 gxf5 49. Kxf2 f4 50. Rb7 Bg7 51. Rd1 Be5 52. Rxb5 Rf8 53. Kg2 fxg3 54. hxg3 Kg7 55. Rb7+ Kg6 56. Rd3 Rc8 57. Rb3 Rc2+ 58. Kf3 d5 59. Rd7 Rd2 60. b5 h5 61. b6 1-0

[Event "Moscow RUS"]
[Site "?"]
[Date "2006.02.15"]
[Round "8"]
[White "Jobava Baadur"]
[Black "Alekseev Evgeny"]
[Result "1-0"]
[WhiteElo "2614"]
[BlackElo "2634"]
[PlyCount "85"]
[EventDate "2006.??.??"]
[Source "www.chesslib.no"]
[SourceDate "2004.05.04"]

1. c4 c5 2. Nc3 g6 3. g3 Bg7 4. Bg2 Nc6 5. Nf3 e6 6. d3 Nge7 7. Bg5 h6 8. Bd2 d5 9. a3 O-O 10. O-O b6 11. Rb1 Bb7 12. Qc1 Kh7 13. b4 cxb4 14. axb4 dxc4 15. dxc4 Qc8 16. Ne4 Nf5 17. Bc3 e5 18. e3 Qc7 19. c5 Nce7 20. Qc2 Nd5 21. Bd2 a5 22. bxa5 bxa5 23. Rfd1 Kg8 24. h4 a4 25. h5 Kh8 26. Rbc1 Qc6 27. g4 Nfe7 28. Nd6 gxh5 29. gxh5 Bc8 30. e4 Nf4 31. Bxf4 exf4 32. e5 Qa6 33. Nd4 Bg4 34. Re1 Rab8 35. Ra1 Qa5 36. c6 Rb4 37. Qd2 Qb6 38. Nc2 Rb2 39. Nc4 Rxc2 40. Qxc2 Qb3 41. Qxb3 axb3 42. Ra7 Nf5 43. Re4 1-0

[Event "Las Palmas op"]
[Site "Las Palmas"]
[Date "1996.??.??"]
[Round "9"]
[White "Gulko, Boris F"]
[Black "Miles, Anthony J"]
[Result "1/2-1/2"]
[WhiteElo "2615"]
[BlackElo "2630"]
[PlyCount "30"]
[EventDate "1996.11.??"]
[Source "www.chesslib.no"]
[SourceDate "2004.05.04"]

1. Nf3 b6 2. g3 Bb7 3. Bg2 c5 4. c4 g6 5. O-O Bg7 6. Nc3 Nc6 7. d3 Nh6 8. Bd2 Nf5 9. Rb1 O-O 10. a3 d6 11. b4 Qd7 12. e3 e6 13. Qe2 Rfd8 14. Rfc1 Rac8 15. Be1 Ba8 1/2-1/2

[Event "CITS, New York USA"]
[Site "New York"]
[Date "1996.??.??"]
[Round "?"]
[White "Korchnoi, V."]
[Black "De Firmian, N."]
[Result "1-0"]
[WhiteElo "2645"]
[BlackElo "2595"]
[PlyCount "93"]
[EventDate "1996.??.??"]
[Source "www.chesslib.no"]
[SourceDate "2004.05.04"]

1. Nf3 c5 2. b3 d6 3. g3 e5 4. d3 g6 5. Bg2 Bg7 6. Bb2 Nc6 7. c4 Nge7 8. Nc3 O-O 9. O-O Rb8 10. e3 a6 11. Ne1 b5 12. Nc2 Be6 13. Nd5 f5 14. Bc3 Qd7 15. f4 Rbe8 16. Qd2 b4 17. Bb2 exf4 18. Bxg7 Kxg7 19. Nxf4 Bf7 20. d4 Qc7 21. Kh1 a5 22. Rad1 Rd8 23. Nd5 Nxd5 24. cxd5 Na7 25. dxc5 Qxc5 26. Rc1 Nb5 27. e4 fxe4 28. Ne3 Nc3 29. Ng4 Bxd5 30. Qh6+ Kg8 31. Nf6+ Rxf6 32. Rxf6 e3 33. Rcf1 Bxg2+ 34. Kxg2 Qc6+ 35. R1f3 Qe8 36. Rf7 Qxf7 37. Rxf7 Kxf7 38. Qxh7+ Ke6 39. Qxg6+ Kd7 40. Qf7+ Kc6 41. Qf3+ d5 42. Qxe3 d4 43. Qd3 Kb6 44. h4 Nxa2 45. h5 Rd6 46. h6 Rxh6 47. Qxd4+ 1-0

[Event "Calviá ol (Men)"]
[Site "Mallorca"]
[Date "2004.10.20"]
[Round "6.1"]
[White "Moiseenko, Alexander"]
[Black "Gashimov, Vugar"]
[Result "0-1"]
[WhiteElo "2653"]
[BlackElo "2586"]
[PlyCount "74"]
[EventDate "2004.10.15"]
[Source "Roberto Alvarez"]
[SourceDate "2004.10.25"]

1. Nf3 c5 2. g3 Nc6 3. Bg2 g6 4. O-O Bg7 5. c4 e6 6. Nc3 Nge7 7. d3 O-O 8. Be3 d6 9. Qc1 Nf5 10. Bg5 Qb6 11. Rb1 h6 12. Bf4 g5 13. Bd2 Bd7 14. a3 a5 15. Qd1 Qd8 16. Ne1 Qe7 17. Nc2 a4 18. Kh1 Na5 19. e4 Nd4 20. Nxd4 cxd4 21. Ne2 Nb3 22. Bb4 f5 23. exf5 Rxf5 24. Bxb7 Raf8 25. f3 Nc5 26. Bxc5 Rxc5 27. b4 axb3 28. Qxb3 Kh8 29. Qa2 d5 30. Ng1 dxc4 31. dxc4 Ra5 32. Be4 Rxa3 33. Qd2 Bc8 34. Ne2 Qc5 35. Qb4 Qxb4 36. Rxb4 Re3 37. Re1 d3 0-1

[Event "Koop Tjuchem"]
[Site "Groningen"]
[Date "1996.??.??"]
[Round "3"]
[White "Onischuk, Alexander"]
[Black "Leko, Peter"]
[Result "1/2-1/2"]
[WhiteElo "2605"]
[BlackElo "2630"]
[PlyCount "52"]
[EventDate "1996.12.20"]
[Source "ChessBase"]
[SourceDate "1997.04.10"]

1. c4 g6 2. Nc3 c5 3. Nf3 Bg7 4. g3 Nc6 5. Bg2 e6 6. O-O Nge7 7. e4 O-O 8. d3 d6 9. Rb1 b6 10. Be3 Nd4 11. e5 Nxf3+ 12. Qxf3 Rb8 13. exd6 Nf5 14. Ne4 Bb7 15. b4 Nxe3 16. Qxe3 Bxe4 17. Bxe4 Qxd6 18. bxc5 bxc5 19. Rb5 Bd4 20. Qf4 Qxf4 21. gxf4 a6 22. Rb7 Rxb7 23. Bxb7 Rb8 24. Rb1 Kf8 25. Kg2 Ke7 26. Rb3 Kd6 1/2-1/2

[Event "XXX Open"]
[Site "Andorra la Vella"]
[Date "2003.??.??"]
[Round "5"]
[White "Nisipeanu, Liviu Dieter"]
[Black "Eljanov, Pavel"]
[Result "1/2-1/2"]
[WhiteElo "2665"]
[BlackElo "2570"]
[PlyCount "43"]
[EventDate "2003.07.05"]
[Source "Roberto Alvarez"]
[SourceDate "2003.07.21"]

1. c4 c5 2. Nf3 Nc6 3. Nc3 e5 4. g3 g6 5. Bg2 Bg7 6. O-O d6 7. a3 a5 8. d3 Nge7 9. Bg5 f6 10. Bd2 Be6 11. Ne1 O-O 12. Nd5 Bf7 13. Nxe7+ Qxe7 14. Nc2 f5 15. Ne3 e4 16. Nd5 Bxd5 17. cxd5 Ne5 18. dxe4 Nc4 19. exf5 Nxb2 20. Qc2 Qxe2 21. Ra2 Nc4 22. Bc1 1/2-1/2

[Event "FRA-chT 9900"]
[Site "France"]
[Date "2000.02.05"]
[Round "2.1"]
[White "Dorfman, Josif D"]
[Black "Lautier, Joel"]
[Result "1/2-1/2"]
[WhiteElo "2593"]
[BlackElo "2632"]
[PlyCount "31"]
[EventDate "2000.02.04"]
[Source "www.chesslib.no"]
[SourceDate "2004.05.04"]

1. Nf3 c5 2. c4 Nc6 3. g3 g6 4. Bg2 Bg7 5. O-O e6 6. Nc3 Nge7 7. d4 cxd4 8. Nb5 d5 9. cxd5 Nxd5 10. Nbxd4 Nxd4 11. Nxd4 O-O 12. Nc2 Bd7 13. Ne3 Bc6 14. Nxd5 Bxd5 15. Bxd5 Qxd5 16. Qxd5 1/2-1/2

[Event "Biel"]
[Site "Biel"]
[Date "1990.??.??"]
[Round "5"]
[White "Miles, Anthony J"]
[Black "Andersson, Ulf"]
[Result "1/2-1/2"]
[WhiteElo "2595"]
[BlackElo "2630"]
[PlyCount "63"]
[EventDate "1990.07.??"]
[Source "ChessBase"]

1. c4 c5 2. g3 g6 3. Bg2 Bg7 4. Nc3 Nc6 5. Nf3 d6 6. a3 Nf6 7. b4 cxb4 8. axb4 Nxb4 9. Qa4+ Nc6 10. Nd4 Bd7 11. Nxc6 bxc6 12. Bxc6 O-O 13. O-O Bxc6 14. Qxc6 Qc8 15. Qxc8 Rfxc8 16. Ra4 Nd7 17. Nd5 Kf8 18. d3 e6 19. Ne3 Nc5 20. Ra2 Rcb8 21. Nc2 Ke8 22. Rd1 Rb6 23. Be3 Rb2 24. Rxb2 Bxb2 25. Rb1 Bf6 26. Na3 a6 27. Kf1 Nd7 28. Rb7 Be7 29. Nc2 Kd8 30. Nd4 Kc8 31. Rb1 Bf6 32. Ke1 1/2-1/2

[Event "LXIV Campionato polacco"]
[Site "Opole POL"]
[Date "2007.02.13"]
[Round "5"]
[White "Kempinski, R."]
[Black "Macieja, B."]
[Result "1/2-1/2"]
[WhiteElo "2590"]
[BlackElo "2629"]
[PlyCount "52"]
[EventDate "2007.02.09"]
[Source "www.chesslib.no"]
[SourceDate "2004.05.04"]

1. Nf3 c5 2. c4 g6 3. g3 Bg7 4. Bg2 Nc6 5. O-O e6 6. Nc3 Nge7 7. d3 O-O 8. Bd2 d5 9. cxd5 exd5 10. Rc1 b6 11. Bf4 d4 12. Nb5 Nd5 13. Qd2 Nxf4 14. Qxf4 Bd7 15. Nd6 Qf6 16. Qxf6 Bxf6 17. a3 Be7 18. Nc4 Rac8 19. Nfe5 Nxe5 20. Nxe5 Ba4 21. Nc4 Rfd8 22. h4 h5 23. f4 f5 24. Nd2 Kg7 25. b3 Be8 26. a4 Rc7 1/2-1/2

[Event "ECC"]
[Site "Rethymnon"]
[Date "2003.10.02"]
[Round "5"]
[White "Azmaiparashvili, Zurab"]
[Black "Kuzmin, Gennadi P"]
[Result "1/2-1/2"]
[WhiteElo "2702"]
[BlackElo "2516"]
[PlyCount "96"]
[EventDate "2003.09.28"]
[Source "Roberto Alvarez"]
[SourceDate "2003.10.06"]

1. c4 c5 2. Nf3 Nc6 3. Nc3 e5 4. g3 g6 5. a3 Bg7 6. Bg2 d6 7. O-O Nge7 8. b4 O-O 9. Rb1 Rb8 10. d3 b6 11. Nd2 h6 12. Qa4 Bd7 13. b5 Na5 14. Qc2 Be6 15. Nd5 Nxd5 16. Bxd5 Qd7 17. Bb2 Nb7 18. Bc6 Qe7 19. f4 Bh3 20. Rf2 Nd8 21. Bd5 Ne6 22. e3 Kh7 23. Re1 Nc7 24. Bc6 Rbd8 25. Nf3 Bg4 26. Qa4 Bxf3 27. Bxf3 exf4 28. Bxg7 Kxg7 29. Qxa7 fxg3 30. hxg3 d5 31. Qxb6 dxc4 32. dxc4 Qe5 33. Kg2 Ne6 34. Bd5 Nc7 35. e4 Nxd5 36. cxd5 c4 37. Rd2 Ra8 38. Qd4 Qxd4 39. Rxd4 Rxa3 40. Rxc4 Rb3 41. Rc5 Ra8 42. Kh3 Raa3 43. Rg1 Rd3 44. Rc2 g5 45. b6 Rab3 46. b7 Kg6 47. Re2 f6 48. Kh2 h5 1/2-1/2

[Event "Aeroflot Open 2008"]
[Site "Moscu RUS"]
[Date "2008.02.14"]
[Round "1.7"]
[White "Jobava, Baadur"]
[Black "Evdokimov, Alexander A"]
[Result "0-1"]
[WhiteElo "2643"]
[BlackElo "2569"]
[PlyCount "110"]
[EventDate "2008.02.14"]
[Source "www.chesslib.no"]
[SourceDate "2004.05.04"]

1. c4 c5 2. Nc3 g6 3. g3 Bg7 4. Bg2 Nc6 5. Nf3 Nh6 6. O-O Nf5 7. b3 O-O 8. Bb2 e6 9. Ne1 b6 10. Bxc6 dxc6 11. d3 h5 12. Ng2 Qe7 13. e3 Bd7 14. Qe2 h4 15. g4 h3 16. Nf4 e5 17. Nxh3 Qh4 18. gxf5 Bxf5 19. Kh1 Qxh3 20. e4 Be6 21. Rg1 Bh6 22. Bc1 Bf4 23. f3 Kg7 24. Bxf4 exf4 25. a3 Qh5 26. b4 Rh8 27. Rg2 Qe5 28. Qb2 Rad8 29. Na4 Qxb2 30. Nxb2 Rh5 31. b5 cxb5 32. cxb5 Kf6 33. a4 Rd4 34. Rc2 Rh8 35. Kg2 Rhd8 36. Kf1 Rb4 37. Ra3 Rdd4 38. Re2 Rb3 39. Ra1 Rdb4 40. Ra2 Rc3 41. Ra1 Rcb3 42. Ra2 c4 43. dxc4 Rxf3+ 44. Rf2 Rxf2+ 45. Kxf2 Bxc4 46. Nxc4 Rxc4 47. Kf3 Ke5 48. a5 Rc3+ 49. Kg4 Kxe4 50. axb6 axb6 51. Ra4+ Ke5 52. Rxf4 f5+ 53. Kg5 Rc2 54. Rf1 Rg2+ 55. Kh6 Kf6 0-1

[Event "5th IECC Playoff 5th"]
[Site "Antalya"]
[Date "2004.05.30"]
[Round "1"]
[White "Miroshnichenko, Evgenij"]
[Black "Navara, David"]
[Result "1/2-1/2"]
[WhiteElo "2599"]
[BlackElo "2602"]
[PlyCount "102"]
[EventDate "2004.05.30"]
[Source "Roberto Alvarez"]
[SourceDate "2004.05.31"]

1. Nf3 c5 2. g3 g6 3. Bg2 Bg7 4. O-O Nc6 5. c4 d6 6. Nc3 e5 7. Ne1 Be6 8. d3 Nge7 9. Nc2 d5 10. cxd5 Nxd5 11. Ne3 Nde7 12. a3 O-O 13. Bd2 Nd4 14. Nc4 Rb8 15. Ne4 b6 16. b4 f5 17. Nc3 e4 18. Rb1 Bxc4 19. dxc4 Rc8 20. Bg5 h6 21. Bxe7 Qxe7 22. Nd5 Qf7 23. e3 Ne6 24. Qe2 Rfd8 25. Rfd1 Rc6 26. Rd2 Rcd6 27. Rbd1 Nc7 28. bxc5 bxc5 29. Bf1 Nxd5 30. Rxd5 Rxd5 31. cxd5 Rxd5 32. Rxd5 Qxd5 33. Qa6 Kh7 34. Kg2 Qd7 35. Bb5 Qc7 36. Bc4 h5 37. h4 Qd7 38. Qa5 Bf8 39. Qc3 Qd6 40. Qa5 Qb6 41. Qa4 Bg7 42. Qd7 a5 43. Qe8 Qd6 44. a4 Bc3 45. Qf7+ Kh6 46. Qd5 Qxd5 47. Bxd5 g5 48. hxg5+ Kxg5 49. Bc4 h4 50. gxh4+ Kxh4 51. f3 exf3+ 1/2-1/2

[Event "ISR-chT"]
[Site "Israel"]
[Date "1998.05.15"]
[Round "10"]
[White "Psakhis, Lev"]
[Black "Milov, Vadim"]
[Result "1/2-1/2"]
[WhiteElo "2565"]
[BlackElo "2635"]
[PlyCount "69"]
[EventDate "1998.??.??"]
[Source "ChessBase"]
[SourceDate "1998.08.06"]

1. c4 g6 2. Nc3 c5 3. g3 Bg7 4. Bg2 Nc6 5. Nf3 d6 6. O-O f5 7. d3 Nf6 8. a3 O-O 9. Rb1 a5 10. Bg5 Ng4 11. Bd2 h6 12. Nb5 g5 13. b4 axb4 14. axb4 f4 15. bxc5 dxc5 16. h3 Nge5 17. Nxe5 Bxe5 18. g4 h5 19. Bd5+ Kg7 20. f3 Rh8 21. Kg2 hxg4 22. hxg4 Bxg4 23. fxg4 f3+ 24. Rxf3 Rh2+ 25. Kg1 Qh8 26. Rf7+ Kg6 27. e3 Qh3 28. Qf3 Qxf3 29. Rxf3 Rxd2 30. Rbf1 Bf6 31. Nc7 Rh8 32. Be4+ Kf7 33. Nd5 Rh6 34. Rf5 Rh3 35. Nxf6 1/2-1/2

[Event "Liepaya"]
[Site "?"]
[Date "2006.08.05"]
[Round "7"]
[White "Azmaiparashvili Zurab"]
[Black "Miezis Normunds"]
[Result "0-1"]
[WhiteElo "2669"]
[BlackElo "2527"]
[PlyCount "78"]
[EventDate "2006.??.??"]
[Source "www.chesslib.no"]
[SourceDate "2004.05.04"]

1. c4 c5 2. Nf3 Nc6 3. Nc3 e5 4. g3 g6 5. Bg2 Bg7 6. O-O Nge7 7. Ne1 O-O 8. Nc2 d6 9. Ne3 Rb8 10. d3 a6 11. a4 Nd4 12. Ned5 Nxd5 13. cxd5 b5 14. axb5 axb5 15. e3 Nf5 16. Qc2 Bd7 17. Bd2 Qb6 18. b4 c4 19. dxc4 bxc4 20. Rfb1 Rfc8 21. Qa2 Nd4 22. exd4 exd4 23. Ne4 f5 24. Qa7 Rb7 25. Qxb6 Rxb6 26. Ra7 Bb5 27. Ng5 c3 28. Bf4 d3 29. Ne6 Bf6 30. Bf3 d2 31. Rba1 Bd3 32. Ra8 Rbb8 33. R8a3 Rxb4 34. Kg2 Be4 35. Bxd2 cxd2 36. Rd1 Bc3 37. Bxe4 Rxe4 38. Rxc3 Rxc3 39. Rxd2 Rb3 0-1

[Event "Hoogovens"]
[Site "Wijk aan Zee"]
[Date "1996.??.??"]
[Round "8"]
[White "Van Wely, Loek"]
[Black "Leko, Peter"]
[Result "1/2-1/2"]
[WhiteElo "2570"]
[BlackElo "2625"]
[PlyCount "54"]
[EventDate "1996.01.??"]
[Source "ChessBase"]

1. c4 c5 2. Nc3 Nc6 3. g3 g6 4. Bg2 Bg7 5. Nf3 e6 6. a3 Nge7 7. b4 b6 8. Rb1 O-O 9. bxc5 bxc5 10. Ne4 d6 11. Bb2 f5 12. Nc3 Rb8 13. Qc2 a6 14. O-O Nd4 15. Nxd4 cxd4 16. Na2 Qc7 17. Ba1 Bd7 18. Nb4 Rb6 19. e3 dxe3 20. dxe3 Bxa1 21. Rxa1 a5 22. Nd3 Bc6 23. c5 Bxg2 24. Kxg2 dxc5 25. Qxc5 Qxc5 26. Nxc5 Rc8 27. Rfc1 Rbc6 1/2-1/2